Созвездие жадных псов: Роман

Detalles Bibliográficos
Autor Principal: Донцова Д. А. Дарья Аркадьевна
Summary:Исключено из фонда НТБ ТПУ
Idioma:ruso
Publicado: Москва, ЭКСМО-Пресс, 2001
Series:Иронический детектив
Евлампия Романова. Следствие ведет дилетант
Formato: MixedMaterials Libro
KOHA link:https://koha.lib.tpu.ru/cgi-bin/koha/opac-detail.pl?biblionumber=30579

MARC

LEADER 00000nam0a2200000 4500
001 30579
005 20231030203957.0
010 |a 5040074999 
035 |a (RuTPU)RU\TPU\book\30852 
035 |a BOOK00000024 
090 |a 30579 
100 |a 20011209d2001 m y0rusy50 ca 
101 0 |a rus 
102 |a RU 
105 |a y z 000ay 
200 1 |a Созвездие жадных псов  |e Роман  |f Д. А. Донцова 
210 |a Москва  |c ЭКСМО-Пресс  |d 2001 
215 |a 412 с. 
225 1 |a Иронический детектив 
225 1 |a Евлампия Романова. Следствие ведет дилетант 
333 |a Исключено из фонда НТБ ТПУ 
700 1 |a Донцова  |b Д. А.  |g Дарья Аркадьевна 
801 0 |a RU  |b 63413507  |c 20011209  |g PSBO 
801 2 |a RU  |b 63413507  |c 20170616  |g PSBO 
942 |c BK